[Event "COL-ch U16"]
[Site "Medellin"]
[Date "2025.04.27"]
[Round "7"]
[White "Quintero Agudelo, Elias"]
[Black "Madrigal Montagutt, Anthony Steve"]
[Result "1/2-1/2"]
[WhiteElo "1697"]
[BlackElo "1951"]
[PlyCount "123"]
[EventDate "2025.04.24"]
[EventType "swiss"]
[EventRounds "7"]
[EventCountry "COL"]
[SourceTitle "CB18_2025"]
[SourceDate "2025.04.30"]
[SourceVersion "1"]
[SourceVersionDate "2025.04.30"]
[SourceQuality "1"]

1. d4 d5 2. Bf4 Nf6 3. e3 c5 4. c3 Nc6 5. Nd2 Bf5 6. Be2 e6 7. Ngf3 Qb6 8. Qc1 Be7 9. h3 Rc8 10. dxc5 Bxc5 11. Nb3 Be7 12. 0-0 0-0 13. Nbd4 Bg6 14. Nxc6 bxc6 15. Ne5 c5 16. c4 d4 17. b3 Rfd8 18. Rd1 Nd7 19. Nxd7 Rxd7 20. Bd3 f5 21. Be5 Qd8 22. exd4 cxd4 23. a3 Bg5 24. Qb2 Bf6 25. Re1 Rc5 26. Bxf6 Qxf6 27. b4 Re5 28. f4 Re3 29. Rxe3 dxe3 30. Qxf6 gxf6 31. Rd1 e5 32. c5 Kf8 33. fxe5 fxe5 34. c6 Rc7 35. b5 Ke7 36. Be2 Bf7 37. g3 Be6 38. Rd3 Rc8 39. Rxe3 Kd6 40. Kf2 Bd5 41. Rd3 Kc5 42. Ke3 a6 43. Rc3+ Kb6 44. a4 axb5 45. axb5 Rg8 46. Kf2 h6 47. Ra3 Rg7 48. Ra6+ Kc5 49. Ra8 f4 50. gxf4 exf4 51. Rf8 f3 52. Bxf3 Bxf3 53. Kxf3 Kxb5 54. Rf6 h5 55. Ke4 Kc5 56. Kf5 Kb6 57. Kf4 Rg1 58. Rh6 Kc7 59. Rxh5 Kxc6 60. Rg5 Rh1 61. Rg3 Kd7 62. Re3 1/2-1/2

[Event "COL-ch U16"]
[Site "Medellin"]
[Date "2025.04.26"]
[Round "5"]
[White "Quintero Agudelo, Elias"]
[Black "Jaramillo Daza, David"]
[Result "1-0"]
[WhiteElo "1697"]
[BlackElo "1899"]
[PlyCount "107"]
[EventDate "2025.04.24"]
[EventType "swiss"]
[EventRounds "7"]
[EventCountry "COL"]
[SourceTitle "CB18_2025"]
[SourceDate "2025.04.30"]
[SourceVersion "1"]
[SourceVersionDate "2025.04.30"]
[SourceQuality "1"]

1. d4 Nf6 2. Bf4 d5 3. e3 e6 4. Nd2 Bd6 5. Bg3 c5 6. c3 Qc7 7. Bxd6 Qxd6 8. Ngf3 0-0 9. Ne5 b6 10. f4 Bb7 11. Bd3 Ne4 12. Bxe4 dxe4 13. 0-0 Nd7 14. Ndc4 Qe7 15. Nxd7 Qxd7 16. dxc5 Qxd1 17. Rfxd1 Bd5 18. Na3 bxc5 19. c4 Bb7 20. Rd7 Bc6 21. Rd6 Rfc8 22. Rad1 Kf8 23. Kf2 Rab8 24. R1d2 Ke7 25. Ke2 Rb6 26. b3 Ra6 27. Nb1 Ra5 28. Nc3 f5 29. a4 Be8 30. Kd1 Bc6 31. Kc2 Ra6 32. h3 Rb6 33. Nb5 Rb7 34. g4 g6 35. Rd1 Be8 36. Ra6 Bxb5 37. axb5 Kf7 38. Rdd6 Re8 39. Rac6 e5 40. gxf5 exf4 41. fxg6+ Kg8 42. gxh7+ Kh8 43. exf4 Rg7 44. Rg6 Rxh7 45. Rh6 Rf8 46. Rxh7+ Kxh7 47. Rxc5 Rxf4 48. Rc7+ Kg6 49. Rxa7 Rf8 50. Kd2 Rf3 51. Re7 Rxh3 52. Rxe4 Rxb3 53. Kc2 Rb4 54. Kc3 1-0

[Event "Medellin Sub zt 2.3.2"]
[Site "Medellin"]
[Date "2025.04.17"]
[Round "6"]
[White "Quintero Agudelo, Elias"]
[Black "Ledezma Borregales, Daniel Antonio"]
[Result "0-1"]
[WhiteElo "1697"]
[BlackElo "1985"]
[PlyCount "52"]
[EventDate "2025.04.14"]
[EventType "swiss"]
[EventRounds "9"]
[EventCountry "COL"]
[SourceTitle "CB18_2025"]
[SourceDate "2025.04.30"]
[SourceVersion "1"]
[SourceVersionDate "2025.04.30"]
[SourceQuality "1"]

1. d4 Nf6 2. Bf4 c5 3. e3 e6 4. c3 d5 5. Nd2 Nc6 6. Bd3 Be7 7. h3 0-0 8. Ngf3 b6 9. Ne5 Bb7 10. Qf3 Nd7 11. h4 Ndxe5 12. dxe5 f6 13. Qh5 f5 14. 0-0-0 Rf7 15. Qf3 Qc7 16. Qg3 c4 17. Bc2 b5 18. Nf3 b4 19. cxb4 Nxb4 20. Nd4 c3 21. b3 Nxa2+ 22. Kb1 Nb4 23. Bxf5 Qa5 24. Rd2 cxd2 25. Kb2 Qa2+ 26. Kc3 Rc8+ 0-1

[Event "Medellin Sub zt 2.3.2"]
[Site "Medellin"]
[Date "2025.04.16"]
[Round "4"]
[White "Quintero Agudelo, Elias"]
[Black "Ayats Marcelo, Esoj Leugim"]
[Result "1-0"]
[WhiteElo "1697"]
[BlackElo "1933"]
[PlyCount "45"]
[EventDate "2025.04.14"]
[EventType "swiss"]
[EventRounds "9"]
[EventCountry "COL"]
[SourceTitle "CB18_2025"]
[SourceDate "2025.04.30"]
[SourceVersion "1"]
[SourceVersionDate "2025.04.30"]
[SourceQuality "1"]

1. d4 c6 2. Bf4 d5 3. c3 Bf5 4. Nd2 Nf6 5. e3 e6 6. Be2 Bd6 7. Ngf3 Bxf4 8. exf4 Nbd7 9. Nh4 Bg6 10. g3 Qb6 11. Nxg6 hxg6 12. Rb1 c5 13. Nf3 cxd4 14. Nxd4 Rc8 15. Bd3 a6 16. Qe2 Nc5 17. Bc2 Nce4 18. Ba4+ Ke7 19. Bc2 Qa5 20. a3 Rc7 21. Nf5+ Kd7 22. h4 Kc6 23. g4 1-0

[Event "Medellin Sub zt 2.3.2"]
[Site "Medellin"]
[Date "2025.04.14"]
[Round "1"]
[White "Cuesta Cifuentes, Jair Alfonso"]
[Black "Quintero Agudelo, Elias"]
[Result "1-0"]
[WhiteElo "2015"]
[BlackElo "1697"]
[PlyCount "158"]
[EventDate "2025.04.14"]
[EventType "swiss"]
[EventRounds "9"]
[EventCountry "COL"]
[SourceTitle "CB18_2025"]
[SourceDate "2025.04.30"]
[SourceVersion "1"]
[SourceVersionDate "2025.04.30"]
[SourceQuality "1"]

1. d4 Nf6 2. Bg5 d5 3. e3 Bf5 4. Nf3 e6 5. c4 Be7 6. Qb3 b6 7. Nc3 dxc4 8. Bxc4 0-0 9. 0-0 Nbd7 10. Rfd1 c6 11. Nh4 Bg4 12. Be2 Bxe2 13. Nxe2 Nd5 14. Bxe7 Qxe7 15. Nf3 Rfc8 16. e4 N5f6 17. Ng3 c5 18. d5 exd5 19. exd5 Ne5 20. Re1 Nxf3+ 21. Qxf3 Qd7 22. Nf5 Re8 23. d6 Rxe1+ 24. Rxe1 Re8 25. Ne7+ Kf8 26. Qd3 Rd8 27. Nf5 g6 28. Ne3 Qxd6 29. Qa6 Qc7 30. h3 h5 31. Qa3 Ne8 32. Qc3 Kg8 33. Nd5 Qd6 34. Qf3 Ng7 35. Nf6+ Kh8 36. g4 h4 37. Re4 Qd1+ 38. Qxd1 Rxd1+ 39. Kg2 Ne6 40. Ra4 a5 41. Ne4 Kg7 42. Ra3 Rd4 43. Re3 b5 44. b3 c4 45. Nc3 cxb3 46. axb3 b4 47. Na4 Nf4+ 48. Kh2 Rd3 49. Rxd3 Nxd3 50. Kg2 Kf6 51. Kf3 Ke5 52. Nb6 Nc1 53. Nc4+ Kd4 54. Nxa5 Kc3 55. Kf4 Nxb3 56. Nc6 Nc5 57. Nxb4 Kxb4 58. Kg5 Nd7 59. Kxh4 Kc5 60. Kg5 Kd6 61. f4 Ke7 62. f5 Nf8 63. fxg6 fxg6 64. h4 Kf7 65. Kh6 Ne6 66. g5 Nf4 67. Kh7 Ne6 68. Kh6 Ng7 69. Kh7 Ne6 70. Kh6 Nf4 71. Kh7 Ne6 72. Kh6 Nf4 73. Kh7 Ne6 74. Kh6 Ng7 75. Kh7 Ne6 76. Kh6 Nf4 77. Kh7 Ne6 78. Kh8 Ng7 79. Kh7 Nf5 1-0